Welcome to the Holygrace Academy Library

Please use search bar below to get started

CORE PHYSICS (Record no. 677)

MARC details
000 -LEADER
fixed length control field 00308nam a22001217a 4500
020 ## - INTERNATIONAL STANDARD BOOK NUMBER
ISBN 978-93-5027-149-0
082 ## - DEWEY DECIMAL CLASSIFICATION NUMBER
Classification number 530
Item number MAT/C
100 ## - MAIN ENTRY--AUTHOR NAME
Personal name S.B.MATHUR, A KUMAR
245 ## - TITLE STATEMENT
Title CORE PHYSICS
Remainder of title FOR CLASS XII
260 ## - PUBLICATION, DISTRIBUTION, ETC. (IMPRINT)
Place of publication MEERUT
Name of publisher BHARATI BAVAN PVT LTD
Year of publication 2017
650 ## - SUBJECT ADDED ENTRY--TOPICAL TERM
Topical Term PHYSICS FOR CLASS XII
Geographic subdivision INDIA
942 ## - ADDED ENTRY ELEMENTS (KOHA)
Koha item type Books
Holdings
Withdrawn status Lost status Collection code Home library Current library Shelving location Date acquired Source of acquisition Cost, normal purchase price Full call number Accession Number Koha item type
    Reference Main Library Main Library SHELF-9 B XII PHYSICS 24/10/2019 purchase 750.00 530 MAT/C 11640 Books